000 00279nam a22001337a 4500
008 221007b ||||| |||| 00| 0 eng d
041 _aeng
080 _a91
082 _291
100 _a19.2
101 _aGJEO
245 _aTHE ATLAS OF PERN
_cFONSTAD W.K
942 _2udc
_cBK
999 _c58408
_d58408